| 000 | 00611nam a22001697a 4500 | ||
|---|---|---|---|
| 003 | SGT | ||
| 020 | _a9788120346253 | ||
| 082 |
_a621.381 _bGHO |
||
| 100 | _aGHOSH,ARUN K | ||
| 245 | _aINTRODUCTION TO MEASUREMENTS AND INSTRUMENTATION | ||
| 250 | _a4TH | ||
| 260 |
_aNEW DELHI _bPHI _c2013 |
||
| 300 | _a919 | ||
| 650 | _aELECTRONICS ENGINEERING | ||
| 653 | _aESTIMATION OF STATIC ERRORS AND RELIABILITY,DYNAMIC CHARACTERISTICS OF INSTRUMENTS,TRANSDUCERS, DISPLACEMENT MEASUREMENT, STRAIN MEASUREMENT, PRESSURE MEASUREMENT, ACCELERATION FORCE AND TORQUE MEASUREMENT,TEMPERATURE MEASUREMENT | ||
| 942 |
_2ddc _cBK |
||
| 999 |
_c8223 _d8223 |
||